មេធ្មប់ និងស្រីស្អាត : (Record no. 8213)

MARC details
000 -LEADER
fixed length control field 03558nam a22002897a 4500
001 - CONTROL NUMBER
control field 8213
003 - CONTROL NUMBER IDENTIFIER
control field FISKH
005 - DATE AND TIME OF LATEST TRANSACTION
control field 20250903090956.0
008 - FIXED-LENGTH DATA ELEMENTS--GENERAL INFORMATION
fixed length control field 250903b cb ||||| |||| 00| 0 eng d
020 ## - INTERNATIONAL STANDARD BOOK NUMBER
International Standard Book Number 9789996362231
040 ## - CATALOGING SOURCE
Original cataloging agency FISKH
Language of cataloging eng
Transcribing agency FISKH
Modifying agency FISKH
050 ## - LIBRARY OF CONGRESS CALL NUMBER
Classification number PZ7
082 ## - DEWEY DECIMAL CLASSIFICATION NUMBER
Classification number 495.911
100 ## - MAIN ENTRY--PERSONAL NAME
Personal name Samphors, Try
245 ## - TITLE STATEMENT
Title មេធ្មប់ និងស្រីស្អាត :
Remainder of title The witch and the beauty /
Statement of responsibility, etc. និពន្ធនិងរូបភាពដោយ ទ្រី សម្ផស្ស
260 ## - PUBLICATION, DISTRIBUTION, ETC.
Place of publication, distribution, etc. Phnom Penh :
Name of publisher, distributor, etc. Comics Art,
Date of publication, distribution, etc. 2016.
300 ## - PHYSICAL DESCRIPTION
Extent 35 pages :
Other physical details color illustations ;
Dimensions 22 x 23 cm
505 ## - FORMATTED CONTENTS NOTE
Formatted contents note K<br/>
520 ## - SUMMARY, ETC.
Summary, etc. ស្រីស្អាត (Beauty) ជាកូនស្រីមានចិត្តល្អ សុភាពរាបសា រស់នៅជាមួយឪពុក និងបងស្រី។ ម្តងមួយឪពុកនាងធ្វើដំណើរទៅឆ្ងាយ ហើយបានបាត់ចូលទៅក្នុងវីឡារបស់ មេធ្មប់ (Beast)។ ពេលឪពុកយកផ្កាកុលាបមកឲ្យកូន សត្វមេធ្មប់ក្រហមចេញ ហើយបង្ខំឱ្យឪពុកឬកូនម្នាក់មកស្នាក់នៅជាមួយវា ដើម្បីបង់ឱ្យខូច។ ស្រីស្អាតស្ម័គ្រចិត្តទៅស្នាក់នៅជាមួយវា។<br/><br/>នៅក្នុងវីឡា មេធ្មប់មានរូបរាងគួរឱ្យខ្លាច ប៉ុន្តែចិត្តល្អ ហើយថែរក្សា ស្រីស្អាតយ៉ាងអំណត់។ កាលណានាងស្នាក់នៅយូរៗ នាងបានឃើញថា ខាងក្នុងមេធ្មប់មានចិត្តល្អ មិនមែនដូចរូបរាងខាងក្រៅឡើយ។<br/><br/>ចុងក្រោយ ស្រីស្អាតទទួលស្គាល់ថា នាងស្រឡាញ់មេធ្មប់។ តែពេលនាងបង្ហាញចិត្តស្រឡាញ់ មេធ្មប់ត្រូវបានបំប្លែងវិញ ទៅជាព្រះអង្គកូនចៅស្ដេច ដែលត្រូវសាបផ្តាសាឲ្យមានរូបរាងជាសត្វ។ ពួកគេរស់នៅជាមួយគ្នាយ៉ាងសុខសាន្ត។
520 ## - SUMMARY, ETC.
Summary, etc. Beauty is a kind and gentle young woman who lives with her father and sisters. One day, her father gets lost while traveling and enters the castle of a Beast. When he picks a rose for Beauty, the Beast appears and demands that either the father or one of his daughters must stay in the castle as punishment. Beauty volunteers to go.<br/><br/>At first, the Beast looks frightening, but he treats Beauty with kindness and care. Over time, she realizes that the Beast has a good and gentle heart despite his appearance.<br/><br/>In the end, Beauty admits that she loves the Beast. The moment she declares her love, the Beast is transformed back into a handsome prince, who had been cursed to live as a beast. Beauty and the Prince live happily together.
521 8# - TARGET AUDIENCE NOTE
Target audience note 510<br/>
Source Lexile estimate <br/>
521 8# - TARGET AUDIENCE NOTE
Target audience note K<br/>
Source Raz-Plus <br/>
650 ## - SUBJECT ADDED ENTRY--TOPICAL TERM
Topical term or geographic name entry element រឿងនិទានកុមារ​
650 ## - SUBJECT ADDED ENTRY--TOPICAL TERM
Topical term or geographic name entry element Children story
942 ## - ADDED ENTRY ELEMENTS (KOHA)
Source of classification or shelving scheme Dewey Decimal Classification
Koha item type Books
Suppress in OPAC No
Holdings
Withdrawn status Lost status Source of classification or shelving scheme Damaged status Not for loan Collection Home library Current library Shelving location Date acquired Total Checkouts Full call number Barcode Date last seen Copy number Price effective from Koha item type
    Dewey Decimal Classification     Khmer-English Bilingual / ភាសាខ្មែរ-អង់គ្លេស Footprints International School Library Network Toul Kork Campus Footprints International School Library Network Toul Kork Campus TK Old Khmer Books (Rear Hallway Shelf 3) 09/03/2025   SAM 495.911 PZ7 FISTKG3A036 09/03/2025 1 09/03/2025 Khmer Books
    Dewey Decimal Classification     Khmer-English Bilingual / ភាសាខ្មែរ-អង់គ្លេស Footprints International School Library Network Toul Kork Campus Footprints International School Library Network Toul Kork Campus TK Old Khmer Books (Rear Hallway Shelf 3) 09/03/2025   SAM 495.911 PZ7 FISTKG3B011 09/03/2025 2 09/03/2025 Khmer Books
    Dewey Decimal Classification     Khmer-English Bilingual / ភាសាខ្មែរ-អង់គ្លេស Footprints International School Library Network Toul Kork Campus Footprints International School Library Network Toul Kork Campus TK Old Khmer Books (Rear Hallway Shelf 3) 09/03/2025   SAM 495.911 PZ7 FISTKG3B018 09/03/2025 3 09/03/2025 Khmer Books